000 00213nam a2200097Ia 4500
005 20250424120323.0
008 250424s9999 xx 000 0 und d
050 _aSkylife
260 _aTurkish Airlines
650 _aSR
999 _c38642
_d38642